Tilastot visalle Yleistieto 76#

Klikkaa tästä pelataksesi tätä visaa!

Yleistilastot

  • Tätä visaa on pelattu 292 kertaa
    (269 viimeisimmän päivityksen jälkeen)
  • Keskiarvotulos 7 / 15

Vastaustilastot

VinkkiVastaus% Oikein
Missä kaupungissa on Muumimaailma?Naantalissa
97%
Mikä on Suomen Lapin suurin kaupunki?Rovaniemi
92%
Entä presidentti Sauli Niinistön?Jenni Haukio
91%
Minkä kaupunkien alueella sijaitsee Nuuksion kansallispuisto?Espoo
71%
Kuka on kirjoittanut "Täällä Pohjantähden alla "?Väinö Linna
71%
Kuka on presidentti Tarja Halosen puoliso?Pentti Arajärvi
62%
Millä toisella nimellä tunnetaan koivusokeri?Xylitol
58%
Kirkkonummi
40%
Mistä maasta mestaritaikuri Houdini oli kotoisin`?Unkarista
38%
Kuka voitti parhaan jalkapalloilijan palkinnon jalkapallon MM-kisoissa 2018?Luka Modric
31%
Vihti
31%
Kula ohjasi "Kuin raivo härkä" - elokuvan?Martin Scorsese
18%
Mikä on Israelin rahayksikkö?Sekeli
13%
Mistä maasta hamsterit ovat kotoisin?Syyriasta
9%
Kuka esitti naispääosan vuoden 1954 elokuvassa "A Star Is Born"?Judy Garland
5%

Tulosjakauma

Persentiili vastausten määrän mukaan

Jokaisen tuloksen saaneiden osuus

Tuloshistoriasi

Et ole pelannut tätä visaa sen viimeisimmän päivityksen jälkeen